000 00532nam a2200229Ia 4500
003 OSt
005 20221005120015.0
006 a|||||r|||| 00| 0
007 ta
008 221004b |||||||| |||| 00| 0 eng d
024 _a68409
037 _cTextual
040 _aCRL
_cCRL
_beng
041 _2eng
_aeng
082 _aYz7, K4
100 _aPlumb J.H.
245 0 _aCrisis in the humanities
260 _c1964
650 _aSOCIOLOGY
942 _hYz7, K4
_cTEXL
_2cc
999 _c1036548
_d1036548